Statistics for Country Flag and Shape Dominoes

Click here to take the quiz!

General Stats

  • This quiz has been taken 40,333 times
  • The average score is 11 of 15

Answers on the Map

Answers color-coded by a green-red scale on the quiz's map according to % correct below.
 

Answer Stats

Answer% Correct
92%
86%
82%
80%
80%
79%
78%
78%
77%
75%
74%
73%
69%
69%
58%

Score Distribution

Percentile by Number Answered

Percent of People with Each Score

Your Score History

You have not taken this quiz